000 00444nam a2200181Ia 4500
001 20778
005 20260306172830.0
008 260306t2003||||xx |||||||||||||| ||spa||
041 _aESP
082 _a343.8
_bA85I
100 _aAtaupillco Vera, Dante
_eAUT
245 0 _aImpuesto a la renta:
_bajuste por inflación
260 _c2003
300 _a640 páginas :
_c21 cm.
650 _aGEN
654 _aCDE
942 _cLIB
_dJUS
_fJUS
_2ddc
_n
999 _c20778
_d20778